| 000 | 00771 #a2200229 #4500 | ||
|---|---|---|---|
| 999 |
_c1821 _d1821 |
||
| 001 | BNM001030 | ||
| 005 | 20171206093217.0 | ||
| 008 | aespañol | ||
| 020 | _a978-987-1313-87-7 | ||
| 040 | _aAR-C50180D0 | ||
| 082 | 1 | 4 |
_214 _a363.5 |
| 100 | 1 |
_aDané, Laura I. _95124 |
|
| 245 | 1 | 3 |
_aEl derecho constitucional a una vivienda digna en la Ciudad Autónoma de Buenos Aires : _b¿derecho efectivo o simple declaración de derecho? / _cLaura I. Dané , con prólogo de Carlos Ignacio Salvadores de Arzuaga |
| 260 |
_aBuenos Aires : _bRAP, _c2011. |
||
| 300 | _a128 p. | ||
| 440 | _aThesis | ||
| 650 | 0 |
_aDERECHO A LA VIVIENDA _95121 |
|
| 700 | 1 |
_aSalvadores de Arzuaga, Carlos Ignacio _eprol. _95125 |
|
| 800 | _aMertehikian, Eduardo | ||
| 942 |
_2ddc _cLIBRO |
||